000 00600nam a2200205Ii 4500
003 JO-AjNU
008 230606s9999||||xx |||||||||||||| ||und||
020 _a978-93-5014-521-0
040 _aJO-AjNU
_beng
_erda
_cJO-AjNU
041 _aeng
050 1 4 _aQA274.S66.2014
100 3 _aChaurasiya,Himanshu,
_eauthor
_94715
245 0 0 _aprobability Random Variables and Stochastic Methods
264 3 1 _aDelhi:kataria sons,2014
300 _a344p
336 _atext
_btxt
_2rdacontent
337 _aunmediated
_bn
_2rdamedia
338 _avolume
_bnc
_2rdacarrier
650 4 _a Mathematics. 
_94716
999 _aE2443
_c2441
_d2441